Ireland Six Nations Panel 2023 - Statistics

General Stats
  • This quiz has been taken 7 times
  • The average score is 29 of 40
Answer Stats
Position Player Club Apps (2023) Points (2023) Apps Points % Correct
Hooker Dan Sheehan Leinster 4 10 17 20
100%
Scrum Half Jamison Gibson-Park Leinster 2 0 25 15
100%
Back-Row Josh van der Flier Leinster 5 5 50 50
100%
Prop Andrew Porter Leinster 5 5 53 25
86%
Centre Bundee Aki Connacht 5 5 46 50
86%
Back-Row Caelan Doris Leinster 5 5 28 15
86%
Prop Cian Healy Leinster 2 0 123 55
86%
Scrum Half Conor Murray Munster 5 0 105 100
86%
Fullback Hugo Keenan Leisnter 5 10 30 45
86%
Lock Iain Henderson Ulster 4 0 72 25
86%
Fly-Half Jack Crowley Munster 1 0 3 9
86%
Wing James Lowe Leinster 5 15 20 45
86%
Fly-Half Johnny Sexton Leinster 4 35 113 1,050
86%
Wing Mack Hansen Connacht 5 15 14 30
86%
Back-Row Peter O'Mahoney Munster 5 0 94 15
86%
Centre Robbie Henshaw Leinster 2 5 63 50
86%
Hooker Ronan Kelleher Leinster 3 0 21 30
86%
Fly-Half Ross Byrne Leinster 5 14 19 46
86%
Lock Tadhg Beirne Munster 2 0 38 30
86%
Prop Tadhg Furlong Leinster 2 0 64 25
86%
Scrum Half Craig Casey Munster 3 0 10 0
71%
Prop Dave Kilcoyne Munster 3 0 51 5
71%
Prop Finlay Bealham Connacht 3 0 30 15
71%
Centre Garry RIngrose Leinster 3 5 50 67
71%
Wing Jacob Stockdale Ulster 0 0 35 95
71%
Lock James Ryan Leinster 5 10 53 25
71%
Lock Joe McCarthy Leinster 0 0 1 0
71%
Hooker Rob Herring Ulster 3 5 34 15
71%
Lock Ryan Baird Leinster 3 0 10 5
71%
Centre Suart McCloskey Ulster 3 0 12 15
71%
Back-Row Jack Conan Leinster 4 5 38 45
57%
Fullback Jimmy O'Brien Leinster 2 0 5 0
57%
Wing Jordan Larmour Leinster 0 0 30 35
57%
Prop Tom O'Toole Ulster 5 0 9 0
57%
Back-Row Cian Prendergast Connacht 0 0 1 0
43%
Centre Keith Earls Munster 0 0 98 175
43%
Lock Kieran Treadwell Ulster 0 0 11 5
43%
Hooker Tom Stewart Ulster 0 0 0 0
43%
Back-Row Gavin Coombes Munster 0 0 2 0
29%
Fullback Jamie Osborne Leinster 0 0 0 0
14%
No matching quizzes found
Score Distribution
Percent of People with Each Score
Percentile by Number Answered
Your Score History
You have not taken this quiz